Rozpoznaj piosenkę po fragmencie tekstu- KULT - Statystyki

Ogólne statystyki
  • Ten quiz został rozwiązany 39 razy
  • Średni wynik to 9 z 15
Statystyki odpowiedzi
Fragment Tytuł % Poprawnych
Lewa strona nigdy się nie budziPrawa strona nigdy nie zasypia Lewa strona nigdy się nie budzi Prawa strona nigdy nie zasypia Arahja
97%
Tak to bywa gdy ktos zazdrosci,Kiedy brak mu wlasnej milosci, Plotki plodzi, mnie nie zaszkodzi zadne obce zlo Na moj sposob widziec ja... Baranek
87%
Trasa bardzo dobrze znana od jednego baru do baruPoznaje się tych albo owych i mamy troszeczkę kataru Jeśli wiesz o czym ja mówię, natomiast zupełnym rankiem Wychylam patrząc tępo ostatnią bez gazu szklankę, he Gdy nie ma dzieci
81%
Poranne zorze poranne zorzeGdy idę w Sopocie nad morzem Po plaży brudno piaskowej Bałtyk śmierdzi ropą naftową Polska/Mieszkam w Polsce
77%
Bo im tylko o to chodzi, abyś sam sobie szkodziłAbyś sam nie mógł myśleć Abyś sam nie mógł chodzić Wódka
74%
Maszerujmy ramie w ramieKu sloncu swiata nowego Zbudujemy nowy most Imienia przewodniczacego Po co wolność
71%
Widziałem, wyrywali sobie ścierwo zębamiWidziałem, grozili sobie karabinami Widziałem, podawali sobie z uśmiechem dłonie Widziałem, siadali na tronie w koronie Widziałem, chodzili po sobie butami Widziałem, jeździli po sobie czołgami Hej czy nie wiecie
61%
Ja chciałbym zobaczyć to wszystko raz jeszczeRaz jeszcze to wszystko zobaczyć ja chciałbym Porównaj to z resztą, wybierz drogę najlepszą Czarne słońca
58%
Młodzi chcą czegoś zupełnie innego od tego co chcieliby starsiStary rabin tak mówił, przyklasnęli mu wszyscy niemalże Młodzi świat inny dostają niźli starsi dostali Teraz oklaski rozległy się nawet z najdalszej części sali Brooklyńska rada Żydów
55%
Nieważny grozny grymas na gebie,Mordercy maja serca golebie. Band, armii, gangow i czarnych sotni, Wczoraj - rycerze, dzis - bezrobotni. Knajpa morderców
52%
Lecz na szczescie w swoim zamczyskuWsrod zbroj starych, azefa listow W policyjnych aurze romantyk Czuwa ciotka Idalia antyk Ta jej przychyli nieba, ta wie co dziecku trzeba Wnet jej wtyka romans barykad Marianna
39%
Nie pomogły zastrzyki, recenzje i pomnikiNi kwaśne mleko, przyszedł szarlatan, szuja Obejrzał go, pobujał, demencja praecox Śmierć poety
39%
Ty się zdecydowałeś i wreszcie zobaczyłeśPokazałem ci jak umiałem to o czym tylko wiedziałem Patrz
32%
I nie powie stary baron więcej do mnie: "Paszoł won!"Nie wypchnie za próg z gitarą, bowiem w grobie leży on Czarna kryje go piżama, biedak gonił resztką sił I jak stał w salonie zamarzł, bo otwarty lufcik był Wróci wiosna, baronowo
29%
Jeden chciał mieć wiele pieniędzyWiele pieniędzy i już nic więcej Drugi czynił owe podboje By mieć złoto na nowe stroje Czterej głupcy
19%
Nie znaleziono quizów pasujących do podanych kryteriów
Rozkład punktacji
Procent ludzi z każdym wynikiem
Percentyl według liczby udzielonych odpowiedzi
Twoja historia wyników
Nie rozwiązałeś tego quizu